| 000 | 01028caa a22002417a 4500 | ||
|---|---|---|---|
| 999 |
_c409903 _d409903 |
||
| 001 | 123098 | ||
| 003 | UA-OsUOA | ||
| 005 | 20200111213148.0 | ||
| 007 | ta | ||
| 008 | 20170531b un ||||| |||| 00| 0 ukr d | ||
| 040 |
_aUA-OsUOA _bukr _cUA-OsUOA _dUA-OsUOA |
||
| 041 | _aukr | ||
| 080 | _a908 | ||
| 090 |
_a908 _bЗ-13 |
||
| 100 | _aЗаверуха О. | ||
| 245 |
_aКам'яні таблиці з Межиріцького храму Святої Трійці як свідчення про причетність князя Януша Острозького до радикальної зміни в історії цієї сакральної споруди _cО. Заверуха |
||
| 300 | _aС. 18–26 | ||
| 650 | 7 |
_a908 Краєзнавство _2UDC |
|
| 773 | 0 |
_0340235 _9367088 _dОстрог НаУОА 2007 _o113686 _tОстрозький краєзнавчий збірник _w(UA-OsUOA) 54426 |
|
| 942 |
_cBKA _2udc |
||
| 955 | _a1 | ||